Munkahelyi Képzések és Kompetenciafejlesztés a Repülőtéri Munkakörnyezetben a Pandémia után

Bibliographic Details
Main Author: Berecz Márton Tamás
Other Authors: Benkei-Kovács Dr. Balázs
Format: Thesis
Kulcsszavak:belső ellenőrzés
felnőttoktatás
képzések
koronavírus-járvány (COVID-19)
repülőtér
Online Access:http://dolgozattar.uni-bge.hu/60127

MARC

LEADER 00000nta a2200000 i 4500
001 dolg60127
005 20260409150026.0
008 260409suuuu hu om 000 hun d
040 |a BGE Dolgozattár Repozitórium  |b hun 
041 |a hu 
100 1 |a Berecz Márton Tamás 
245 1 0 |a Munkahelyi Képzések és Kompetenciafejlesztés a Repülőtéri Munkakörnyezetben a Pandémia után  |c Berecz Márton Tamás  |h [elektronikus dokumentum] 
520 3 |a A COVID-19 világjárvány alapjaiban változtatta meg a munkaerőpiacot és a munkahelyi képzési rendszereket világszerte. Különösen igaz ez a repülőtéri munkakörnyezetre, ahol a biztonság, a gyors alkalmazkodóképesség és a folyamatos fejlődés kiemelt szerepet kapott. Szakdolgozatom célja, hogy feltárja, milyen módon alakultak át a munkahelyi képzések és kompetenciafejlesztési stratégiák a Budapest Liszt Ferenc Nemzetközi Repülőtéren a pandémia utáni időszakban. A kutatás során kvantitatív (kérdőíves) és kvalitatív (interjús) módszereket alkalmaztam, különös figyelmet fordítva a munkavállalói elégedettségre, a képzések relevanciájára és az új kihívásokhoz való alkalmazkodásra. Az eredmények alapján megállapítható, hogy a repülőtéri képzési rendszerek többnyire sikeresen reagáltak a járvány okozta változásokra, ugyanakkor szükség van a képzések tartalmi struktúrájának további fejlesztésére és a dolgozók visszajelzési lehetőségeinek erősítésére. A dolgozat gyakorlati javaslatokat is megfogalmaz a képzési rendszer hatékonyságának növelése érdekében, hozzájárulva egy rugalmasabb és munkavállaló-központú szervezeti kultúra kialakításához. 
695 |a belső ellenőrzés 
695 |a felnőttoktatás 
695 |a képzések 
695 |a koronavírus-járvány (COVID-19) 
695 |a repülőtér 
700 1 |a Benkei-Kovács Dr. Balázs  |e ths 
856 4 0 |u http://dolgozattar.uni-bge.hu/60127/1/MUNKAHELYI%20K%C3%89PZ%C3%89SEK%20%C3%89S%20KOMPETENCIAFEJLESZT%C3%89S%20A%20REP%C3%9CL%C5%90T%C3%89RI%20MUNKAK%C3%96RNYEZETBEN%20A%20PAND%C3%89MIA%20UT%C3%81N_BERECZ%20M%C3%81RTON%20TAM%C3%81S_Q2SA76.pdf  |z Dokumentum-elérés 
856 4 0 |u http://dolgozattar.uni-bge.hu/60127/2/BKB_Berecz%20M%C3%A1rton%20Tam%C3%A1s_KSZ%20%C3%A9s%20MH%20b%C3%ADr%C3%A1lati%20lap%202025.pdf  |z Dokumentum-elérés 
856 4 0 |u http://dolgozattar.uni-bge.hu/60127/3/Berecz%20Ma%CC%81rton%20Tama%CC%81s_ob1.pdf  |z Dokumentum-elérés